| 000 | 00619nam a2200229Ia 4500 | ||
|---|---|---|---|
| 008 | 100315s9999 xx 000 0 und d | ||
| 040 | _cENGLISH | ||
| 082 |
_b7413 _a658 |
||
| 100 | _a"Gough, Vera " | ||
| 245 | _aSpeaking is your Business | ||
| 260 |
_aLondon _bG. Bell & Sons _c1953 |
||
| 300 | _a127 | ||
| 365 |
_eRupees _d1 _b0.00 |
||
| 366 | _f0 | ||
| 505 | _gRamakant Amar Navghare | ||
| 530 | _bDonated by RBI Library | ||
| 620 | _aManagement. | ||
| 630 | _aSpeaking is your Business | ||
| 650 | _aMANAGEMENT | ||
| 730 | _aSpeaking is your Business | ||
| 942 | _cBOOK | ||
| 999 |
_c482148 _d482145 |
||